CCTA13 : 13th Conference on Calorimetry and Thermal Analysis of the Polish Society of Calorimetry and Thermal Analysis (CCTA 13), 2-6 September 2018, Zakopane, Poland

Na minha lista:
Detalhes bibliográficos
Autor Corporativo: Conference on Calorimetry and Thermal Analysis of the Polish Society of Calorimetry and Thermal Analysis Zakopane, Poland (CCTA 13)
Formato: Conference Proceeding Livro
Idioma:inglês
Publicado em: [LUBLIN] : [UMCS], 2018
Edição:1. vyd.
Tags: Adicionar Tag
Sem tags, seja o primeiro a adicionar uma tag!

MARC

LEADER 00000nam a22000003a 4500
001 0066996
003 SK-STU
005 20180911121148.1
007 ta
008 180911s ----xo-----e------100-0-----d
040 |a STU  |b slo 
041 0 |a eng 
044 |a pl 
111 2 |a Conference on Calorimetry and Thermal Analysis of the Polish Society of Calorimetry and Thermal Analysis  |n 13th  |d 2.-6.9.2018 :  |c Zakopane, Poland.  |e CCTA 13 
245 1 0 |a CCTA13 :  |h [elektronický zdroj] :  |b 13th Conference on Calorimetry and Thermal Analysis of the Polish Society of Calorimetry and Thermal Analysis (CCTA 13), 2-6 September 2018, Zakopane, Poland 
250 |a 1. vyd. 
260 |a [LUBLIN] :  |b [UMCS],  |c 2018 
300 |a 1 USB, 243 s. 
996 |b 284M087805  |c M* CD-2726  |l MMKN  |s A  |a 24  |w 0066996_0001